Metodología para mejorar la alimentación en familias urbano marginales de San José /

Gespeichert in:
Bibliographische Detailangaben
1. Verfasser: Fernández, K.
Weitere Verfasser: Jiménez, K., Vargas, G., Chinnock, A.
Format: Text
Schlagworte:
Tags: Tag hinzufügen
Keine Tags, Fügen Sie den ersten Tag hinzu!

MARC

LEADER 00000 a a2200000 04500
001 13612
003
040
100 |a Fernández, K.  
245 |a Metodología para mejorar la alimentación en familias urbano marginales de San José /  |c K. Fernández ; K. Jiménez ; G. Vargas ; A. Chinnock 
650 |a INVESTIGACION SOBRE NUTRICION  
650 |a ESTADISTICAS ALIMENTARIAS  
650 |a NECESIDADES ALIMENTARIAS  
650 |a MARGINALIDAD  
650 |a METODOS DE INVESTIGACION  
700 |a Jiménez, K. 
700 |a Vargas, G. 
700 |a Chinnock, A.  
773 |g número 79; páginas 131-139  
999 |c 39329  |d 39329